| 000 | 00554 a2200193 4500 | ||
|---|---|---|---|
| 008 | 150904b xxu||||| |||| 00| 0 eng d | ||
| 041 | _aEng. | ||
| 082 | _aCD5307 | ||
| 100 | _aShakya, Amir | ||
| 245 | _aA Study on Loan management of agriculture development Bank Ltd. Nepal | ||
| 260 |
_aKathmandu _bNP _c2009 |
||
| 502 |
_aDissertation _bDegree in Management _cShanker Dev Campus _d2009 |
||
| 650 | _aBanks and Banking | ||
| 650 | _aLoan Management | ||
| 650 | _aInsurance | ||
| 650 | _aLending Policy | ||
| 653 | _aManagement | ||
| 942 |
_2ddc _cVM |
||
| 999 |
_c60648 _d60636 |
||